00309nam a2200121Ia 4500008004100000041000800041082001500049100002100064245004000085260002700125300002600152365000900178240624s9999 xx 000 0 und d aeng a361.3 TUR  aTURNER FRANCIS J a101 SOCIAL WORK CLINICAL TECHNIQUES c2013aNew YorkbOxford axxiii, 596 p.; 23 cm. cb38